[Event "Campeonato España Sub 14"]
[Site "Salobreña"]
[Date "2017.07.20"]
[Round "6"]
[White "Amador Garcia, Ismael"]
[Black "Gomez Carreno, Martin"]
[Result "1-0"]
[Board "5"]
[WhiteClock "1:30"]
[WhiteElo "1877"]
[WhiteCountry "ESP"]
[WhiteFideId "32040920"]
[WhiteEloChange "15"]
[BlackClock "1:30"]
[BlackElo "2089"]
[BlackCountry "ESP"]
[BlackFideId "32066171"]
[BlackEloChange "-15"]

1. e4 {[%clk 1:30:00]} c5 {[%clk 1:30:00]} 2. c3 {[%clk 1:31:00]} d5 {[%clk
1:31:00]} 3. exd5 {[%clk 1:31:00]} Qxd5 {[%clk 1:31:00]} 4. d4 {[%clk 1:31:00]}
Nf6 {[%clk 1:32:00]} 5. Nf3 {[%clk 1:31:00]} Bg4 {[%clk 1:32:00]} 6. dxc5 {[%clk
1:31:00]} Qxc5 {[%clk 1:32:00]} 7. Be3 {[%clk 1:31:00]} Qc7 {[%clk 1:32:00]} 8.
Be2 {[%clk 1:26:00]} Nbd7 {[%clk 1:29:00]} 9. O-O {[%clk 1:25:00]} e6 {[%clk
1:29:00]} 10. Qa4 {[%clk 1:10:00]} Bd6 {[%clk 1:19:00]} 11. h3 {[%clk 1:08:00]}
Bh5 {[%clk 1:20:00]} 12. Na3 {[%clk 1:05:00]} a6 {[%clk 1:02:00]} 13. Nb5 {[%clk
0:59:00]} Qb8 {[%clk 1:03:00]} 14. Nxd6+ {[%clk 0:59:00]} Qxd6 {[%clk 1:03:00]}
15. Rad1 {[%clk 0:56:00]} Qe7 {[%clk 0:52:00]} 16. g4 {[%clk 0:51:00]} Bg6 {[%clk
0:48:00]} 17. Ne5 {[%clk 0:46:00]} Bc2 {[%clk 0:41:00]} 18. Qxc2 {[%clk 0:36:00]}
Nxe5 {[%clk 0:41:00]} 19. Bf4 {[%clk 0:34:00]} Nfd7 {[%clk 0:36:00]} 20. Qe4
{[%clk 0:28:00]} Nc6 {[%clk 0:34:00]} 21. Bd6 {[%clk 0:22:00]} Qh4 {[%clk
0:34:00]} 22. Qe3 {[%clk 0:22:00]} Ne7 {[%clk 0:21:00]} 23. Kg2 {[%clk 0:17:52]}
h5 {[%clk 0:18:19]} 24. Rh1 {[%clk 0:15:55]} Nd5 {[%clk 0:16:54]} 25. Rxd5 {[%clk
0:14:53]} Nf6 {[%clk 0:16:39]} 26. Rd4 {[%clk 0:14:18]} hxg4 {[%clk 0:16:00]} 27.
Bxg4 {[%clk 0:13:41]} Nxg4 {[%clk 0:15:44]} 28. Rxg4 {[%clk 0:14:00]} Qh5 {[%clk
0:16:07]} 29. Qg5 {[%clk 0:14:00]} 1-0

[Event "Campeonato España Sub 14"]
[Site "Salobreña"]
[Date "2017.07.20"]
[Round "6"]
[White "Diaz Mino, Pablo"]
[Black "Andrade Sandoval, Bianca"]
[Result "0-1"]
[Board "6"]
[WhiteClock "1:30"]
[WhiteElo "2047"]
[WhiteCountry "ESP"]
[WhiteFideId "24520470"]
[WhiteEloChange "-15"]
[BlackClock "1:30"]
[BlackElo "1857"]
[BlackCountry "ESP"]
[BlackFideId "32084609"]
[BlackEloChange "15"]

1. d4 {[%clk 1:30:00]} Nf6 {[%clk 1:30:00]} 2. c4 {[%clk 1:31:00]} e6 {[%clk
1:31:00]} 3. Nc3 {[%clk 1:31:00]} Bb4 {[%clk 1:31:00]} 4. e3 {[%clk 1:31:00]} d5
{[%clk 1:28:00]} 5. Ne2 {[%clk 1:29:00]} c6 {[%clk 1:27:00]} 6. cxd5 {[%clk
1:28:00]} exd5 {[%clk 1:27:00]} 7. a3 {[%clk 1:28:00]} Bd6 {[%clk 1:27:00]} 8.
Qc2 {[%clk 1:26:00]} Be6 {[%clk 1:25:00]} 9. Ng3 {[%clk 1:26:00]} g6 {[%clk
1:21:00]} 10. Bd3 {[%clk 1:26:00]} Bf8 {[%clk 1:21:00]} 11. b4 {[%clk 1:25:00]}
Bg7 {[%clk 1:21:00]} 12. Rb1 {[%clk 1:24:00]} a6 {[%clk 1:20:00]} 13. a4 {[%clk
1:24:00]} Nbd7 {[%clk 1:17:00]} 14. O-O {[%clk 1:23:00]} O-O {[%clk 1:14:00]} 15.
Nce2 {[%clk 1:22:00]} Qc7 {[%clk 1:11:00]} 16. f4 {[%clk 1:19:00]} Bg4 {[%clk
1:07:00]} 17. h3 {[%clk 1:18:00]} Bxe2 {[%clk 1:06:00]} 18. Nxe2 {[%clk 1:18:00]}
Rfe8 {[%clk 1:03:00]} 19. g4 {[%clk 1:18:00]} Ne4 {[%clk 1:01:00]} 20. Bxe4
{[%clk 1:18:00]} dxe4 {[%clk 1:01:00]} 21. Ng3 {[%clk 1:17:00]} Nf6 {[%clk
1:00:00]} 22. Kg2 {[%clk 1:16:00]} Qe7 {[%clk 0:59:00]} 23. Bd2 {[%clk 1:13:00]}
Nd5 {[%clk 0:57:00]} 24. Qc5 {[%clk 1:06:00]} Qd7 {[%clk 0:45:00]} 25. f5 {[%clk
1:05:00]} b6 {[%clk 0:44:00]} 26. Qc2 {[%clk 1:05:00]} Bxd4 {[%clk 0:42:00]} 27.
exd4 {[%clk 1:00:00]} e3 {[%clk 0:42:00]} 28. Bc1 {[%clk 1:00:00]} e2 {[%clk
0:39:00]} 29. Nxe2 {[%clk 0:57:00]} Qe7 {[%clk 0:36:00]} 30. Nf4 {[%clk 0:56:00]}
Nxb4 {[%clk 0:36:00]} 31. Qb2 {[%clk 0:54:00]} Qe4+ {[%clk 0:36:00]} 32. Kg1
{[%clk 0:52:00]} Nc2 {[%clk 0:35:00]} 33. Bd2 {[%clk 0:45:00]} Nxd4 {[%clk
0:35:00]} 34. Qc3 {[%clk 0:44:00]} c5 {[%clk 0:32:00]} 35. Rbe1 {[%clk 0:41:00]}
Qc6 {[%clk 0:32:00]} 36. fxg6 {[%clk 0:40:00]} hxg6 {[%clk 0:32:00]} 37. h4
{[%clk 0:26:00]} Rxe1 {[%clk 0:32:00]} 38. Bxe1 {[%clk 0:26:00]} Qxa4 {[%clk
0:32:00]} 39. Bf2 {[%clk 0:23:00]} Ne6 {[%clk 0:30:00]} 40. Qf3 {[%clk 0:21:00]}
Re8 {[%clk 0:29:00]} 41. Nxe6 {[%clk 0:20:00]} Rxe6 {[%clk 0:29:00]} 42. Bxc5
{[%clk 0:20:00]} Qd7 {[%clk 0:29:00]} 43. Rd1 {[%clk 0:20:00]} Qc8 {[%clk
0:28:00]} 44. Bd4 {[%clk 0:16:27]} Rc6 {[%clk 0:23:00]} 45. Bf6 {[%clk 0:16:12]}
Rxf6 {[%clk 0:22:00]} 46. Qxf6 {[%clk 0:16:07]} Qxg4+ {[%clk 0:23:00]} 47. Kh2
{[%clk 0:15:07]} Qxd1 {[%clk 0:23:00]} 48. Qxb6 {[%clk 0:15:24]} Qe2+ {[%clk
0:23:00]} 49. Kg3 {[%clk 0:15:15]} Qd3+ {[%clk 0:23:00]} 50. Kf4 {[%clk 0:14:16]}
Qf1+ {[%clk 0:22:00]} 51. Kg4 {[%clk 0:13:04]} Kh7 {[%clk 0:20:00]} 52. Qa7
{[%clk 0:11:49]} Qf5+ {[%clk 0:18:53]} 53. Kg3 {[%clk 0:11:59]} a5 {[%clk
0:19:18]} 54. Qd4 {[%clk 0:11:18]} Qe6 {[%clk 0:18:49]} 55. Qa4 {[%clk 0:10:20]}
Qe1+ {[%clk 0:18:44]} 56. Kh3 {[%clk 0:10:03]} Qc3+ {[%clk 0:18:59]} 57. Kg2
{[%clk 0:10:03]} Qb4 {[%clk 0:18:11]} 58. Qe8 {[%clk 0:09:59]} Qc4 {[%clk
0:17:53]} 59. Qe1 {[%clk 0:06:41]} a4 {[%clk 0:17:48]} 60. Qg3 {[%clk 0:05:14]}
Qb3 {[%clk 0:17:24]} 61. Qf4 {[%clk 0:04:29]} a3 {[%clk 0:16:50]} 62. h5 {[%clk
0:04:27]} Qd5+ {[%clk 0:16:43]} 63. Kg3 {[%clk 0:04:32]} gxh5 {[%clk 0:16:42]}
64. Qc1 {[%clk 0:03:42]} a2 {[%clk 0:16:39]} 65. Qc2+ {[%clk 0:03:58]} Kh6 {[%clk
0:16:53]} 66. Qc3 {[%clk 0:03:03]} Qg5+ {[%clk 0:14:24]} 67. Kh2 {[%clk 0:02:07]}
f6 {[%clk 0:14:40]} 68. Qa3 {[%clk 0:01:27]} Qe5+ {[%clk 0:15:02]} 69. Kh3 {[%clk
0:01:35]} a1Q {[%clk 0:14:32]} 70. Qf8+ {[%clk 0:02:02]} Kg5 {[%clk 0:14:18]} 71.
Qg7+ {[%clk 0:02:04]} Kf5 {[%clk 0:14:16]} 72. Qh7+ {[%clk 0:01:22]} Kf4 {[%clk
0:14:02]} 73. Qb7 {[%clk 0:01:22]} 0-1

[Event "Campeonato España Sub 14"]
[Site "Salobreña"]
[Date "2017.07.20"]
[Round "6"]
[White "Reboredo Martinez, Claudio"]
[Black "Cespedes Llaverias, Llibert"]
[Result "0-1"]
[Board "7"]
[WhiteClock "1:30"]
[WhiteElo "1796"]
[WhiteCountry "ESP"]
[WhiteFideId "24557153"]
[WhiteEloChange "-5"]
[BlackClock "1:30"]
[BlackElo "1996"]
[BlackCountry "ESP"]
[BlackFideId "32065949"]
[BlackEloChange "5"]

1. e4 {[%clk 1:30:00]} c5 {[%clk 1:29:00]} 2. Nf3 {[%clk 1:31:00]} Nc6 {[%clk
1:29:00]} 3. d4 {[%clk 1:31:00]} cxd4 {[%clk 1:30:00]} 4. Nxd4 {[%clk 1:32:00]}
g6 {[%clk 1:30:00]} 5. Nc3 {[%clk 1:31:00]} Bg7 {[%clk 1:30:00]} 6. Be3 {[%clk
1:31:00]} Nf6 {[%clk 1:31:00]} 7. Bc4 {[%clk 1:32:00]} O-O {[%clk 1:31:00]} 8.
Bb3 {[%clk 1:32:00]} Re8 {[%clk 1:31:00]} 9. f3 {[%clk 1:32:00]} e6 {[%clk
1:31:00]} 10. Qd2 {[%clk 1:32:00]} d5 {[%clk 1:30:00]} 11. exd5 {[%clk 1:29:00]}
Nxd5 {[%clk 1:30:00]} 12. Nxd5 {[%clk 1:28:00]} Nxd4 {[%clk 1:30:00]} 13. Bxd4
{[%clk 1:25:00]} exd5+ {[%clk 1:31:00]} 14. Kf1 {[%clk 1:24:00]} b6 {[%clk
1:28:00]} 15. Bxg7 {[%clk 1:21:00]} Ba6+ {[%clk 1:26:00]} 16. Kg1 {[%clk
1:08:00]} Kxg7 {[%clk 1:22:00]} 17. Re1 {[%clk 1:03:00]} Qf6 {[%clk 0:56:00]} 18.
Kf2 {[%clk 0:59:00]} Rad8 {[%clk 0:48:00]} 19. c3 {[%clk 0:54:00]} h5 {[%clk
0:35:00]} 20. Qd4 {[%clk 0:49:00]} Qxd4+ {[%clk 0:33:00]} 21. cxd4 {[%clk
0:50:00]} Bc4 {[%clk 0:33:00]} 22. Re3 {[%clk 0:38:00]} Rxe3 {[%clk 0:30:00]} 23.
Kxe3 {[%clk 0:38:00]} Re8+ {[%clk 0:30:00]} 24. Kf4 {[%clk 0:29:00]} Re2 {[%clk
0:27:00]} 25. Bxc4 {[%clk 0:25:00]} dxc4 {[%clk 0:25:00]} 26. b3 {[%clk 0:23:00]}
c3 {[%clk 0:24:00]} 27. Rc1 {[%clk 0:16:19]} c2 {[%clk 0:25:00]} 28. h4 {[%clk
0:08:07]} Kf6 {[%clk 0:16:47]} 29. d5 {[%clk 0:03:45]} Rxg2 {[%clk 0:16:11]} 30.
Ke4 {[%clk 0:03:20]} Ke7 {[%clk 0:15:04]} 31. Ke5 {[%clk 0:01:13]} Re2+ {[%clk
0:15:26]} 32. Kd4 {[%clk 0:01:12]} Kd6 {[%clk 0:15:51]} 33. f4 {[%clk 0:01:08]}
Rd2+ {[%clk 0:14:40]} 34. Ke3 {[%clk 0:01:26]} Rh2 {[%clk 0:14:24]} 35. b4 {[%clk
0:01:41]} Kxd5 {[%clk 0:14:24]} 0-1

[Event "Campeonato España Sub 14"]
[Site "Salobreña"]
[Date "2017.07.20"]
[Round "6"]
[White "Bustos Bernardo, Diego"]
[Black "Arjol Lopez, Daniel"]
[Result "1/2-1/2"]
[Board "8"]
[WhiteClock "1:29"]
[WhiteElo "1589"]
[WhiteCountry "ESP"]
[WhiteFideId "24523372"]
[WhiteEloChange "8"]
[BlackClock "1:30"]
[BlackElo "1990"]
[BlackCountry "ESP"]
[BlackFideId "32099398"]
[BlackEloChange "-8"]

1. Nf3 {[%clk 1:29:00]} d5 {[%clk 1:30:00]} 2. d4 {[%clk 1:30:00]} e6 {[%clk
1:31:00]} 3. c4 {[%clk 1:30:00]} c6 {[%clk 1:31:00]} 4. Nc3 {[%clk 1:29:00]} dxc4
{[%clk 1:32:00]} 5. a4 {[%clk 1:28:00]} Bb4 {[%clk 1:32:00]} 6. e3 {[%clk
1:27:00]} b5 {[%clk 1:33:00]} 7. axb5 {[%clk 1:26:00]} cxb5 {[%clk 1:33:00]} 8.
Be2 {[%clk 1:23:00]} Bb7 {[%clk 1:33:00]} 9. O-O {[%clk 1:23:00]} Bxc3 {[%clk
1:34:00]} 10. bxc3 {[%clk 1:23:00]} Nf6 {[%clk 1:34:00]} 11. Nd2 {[%clk 1:22:00]}
a6 {[%clk 1:34:00]} 12. Bf3 {[%clk 1:16:00]} Bxf3 {[%clk 1:34:00]} 13. Qxf3
{[%clk 1:15:00]} Nd5 {[%clk 1:30:00]} 14. e4 {[%clk 1:15:00]} Nf6 {[%clk
1:31:00]} 15. Ba3 {[%clk 1:14:00]} Nc6 {[%clk 1:22:00]} 16. Bc5 {[%clk 1:02:00]}
Nd7 {[%clk 1:20:00]} 17. Bd6 {[%clk 0:55:00]} Qf6 {[%clk 1:16:00]} 18. e5 {[%clk
0:49:00]} Qxf3 {[%clk 1:17:00]} 19. Nxf3 {[%clk 0:46:00]} Nb6 {[%clk 1:16:00]}
20. Nd2 {[%clk 0:44:00]} Ne7 {[%clk 1:13:00]} 21. Ne4 {[%clk 0:41:00]} Na4 {[%clk
1:12:00]} 22. Rxa4 {[%clk 0:30:00]} bxa4 {[%clk 1:12:00]} 23. Ra1 {[%clk
0:31:00]} Nf5 {[%clk 1:09:00]} 24. Rxa4 {[%clk 0:29:00]} Nxd6 {[%clk 1:10:00]}
25. Nxd6+ {[%clk 0:29:00]} Kd7 {[%clk 1:08:00]} 26. Nxc4 {[%clk 0:26:00]} Rhb8
{[%clk 1:07:00]} 27. Kf1 {[%clk 0:26:00]} f6 {[%clk 1:06:00]} 28. exf6 {[%clk
0:24:00]} gxf6 {[%clk 1:07:00]} 29. Ke2 {[%clk 0:24:00]} Rb5 {[%clk 1:05:00]} 30.
Kd3 {[%clk 0:23:00]} h5 {[%clk 1:04:00]} 31. Ke4 {[%clk 0:22:00]} Rc8 {[%clk
1:04:00]} 32. f3 {[%clk 0:19:54]} a5 {[%clk 1:04:00]} 33. h4 {[%clk 0:18:18]} Rg8
{[%clk 1:03:00]} 34. Ne3 {[%clk 0:14:39]} Ra8 {[%clk 1:02:00]} 35. g4 {[%clk
0:14:13]} Ke7 {[%clk 1:00:00]} 36. d5 {[%clk 0:12:11]} Re8 {[%clk 0:52:00]} 37.
Kd4 {[%clk 0:09:55]} Rh8 {[%clk 0:46:00]} 38. c4 {[%clk 0:09:15]} Rb7 {[%clk
0:44:00]} 39. Rxa5 {[%clk 0:08:32]} hxg4 {[%clk 0:45:00]} 40. fxg4 {[%clk
0:07:59]} Rxh4 {[%clk 0:35:00]} 41. Ra6 {[%clk 0:08:14]} f5 {[%clk 0:32:00]} 42.
Rxe6+ {[%clk 0:07:57]} Kd8 {[%clk 0:06:08]} 43. Nxf5 {[%clk 0:33:00]} Rxg4+
{[%clk 0:06:08]} 44. Re4 {[%clk 0:06:37]} Rg1 {[%clk 0:33:00]} 45. Rh4 {[%clk
0:05:48]} Rf7 {[%clk 0:33:00]} 46. Nd6 {[%clk 0:05:28]} Rd1+ {[%clk 0:33:00]} 47.
Ke5 {[%clk 0:05:28]} 1/2-1/2

[Event "Campeonato España Sub 14"]
[Site "Salobreña"]
[Date "2017.07.20"]
[Round "6"]
[White "Riu Lopez, Sergi"]
[Black "Perez Beltran, Salvador"]
[Result "0-1"]
[Board "9"]
[WhiteClock "1:30"]
[WhiteElo "1982"]
[WhiteCountry "ESP"]
[WhiteFideId "32087047"]
[WhiteEloChange "-14"]
[BlackClock "1:30"]
[BlackElo "1854"]
[BlackCountry "ESP"]
[BlackFideId "32063008"]
[BlackEloChange "14"]

1. e4 {[%clk 1:30:00]} c6 {[%clk 1:30:00]} 2. d4 {[%clk 1:31:00]} d5 {[%clk
1:31:00]} 3. exd5 {[%clk 1:31:00]} cxd5 {[%clk 1:31:00]} 4. c4 {[%clk 1:32:00]}
Nf6 {[%clk 1:31:00]} 5. Nc3 {[%clk 1:31:00]} Nc6 {[%clk 1:32:00]} 6. Nf3 {[%clk
1:30:00]} g6 {[%clk 1:32:00]} 7. Qb3 {[%clk 1:29:00]} Na5 {[%clk 1:21:00]} 8.
Qa4+ {[%clk 1:19:00]} Bd7 {[%clk 1:20:00]} 9. Qc2 {[%clk 1:20:00]} dxc4 {[%clk
1:07:00]} 10. Ne5 {[%clk 1:16:00]} Rc8 {[%clk 1:04:00]} 11. Be3 {[%clk 1:08:00]}
Bg7 {[%clk 0:50:00]} 12. Be2 {[%clk 1:03:00]} O-O {[%clk 0:50:00]} 13. Nxd7
{[%clk 1:03:00]} Qxd7 {[%clk 0:49:00]} 14. Qd2 {[%clk 0:47:00]} Rfd8 {[%clk
0:39:00]} 15. Rd1 {[%clk 0:43:00]} b5 {[%clk 0:33:00]} 16. O-O {[%clk 0:40:00]}
b4 {[%clk 0:25:00]} 17. Nb1 {[%clk 0:38:00]} c3 {[%clk 0:13:34]} 18. bxc3 {[%clk
0:20:00]} Ne4 {[%clk 0:13:58]} 19. Qd3 {[%clk 0:20:00]} Nxc3 {[%clk 0:14:01]} 20.
Rc1 {[%clk 0:19:48]} Bxd4 {[%clk 0:12:49]} 21. Nxc3 {[%clk 0:18:14]} Bxc3 {[%clk
0:07:35]} 22. Qa6 {[%clk 0:17:02]} Nc6 {[%clk 0:06:04]} 23. Rcd1 {[%clk 0:16:25]}
Nd4 {[%clk 0:05:21]} 24. Bb5 {[%clk 0:15:52]} Qxb5 {[%clk 0:05:15]} 25. Qxa7
{[%clk 0:16:05]} Nf5 {[%clk 0:05:09]} 26. Bb6 {[%clk 0:15:33]} Rxd1 {[%clk
0:04:53]} 27. Rxd1 {[%clk 0:15:58]} Qe2 {[%clk 0:04:58]} 28. Qd7 {[%clk 0:16:01]}
Rf8 {[%clk 0:05:12]} 29. Bc5 {[%clk 0:15:16]} Bd4 {[%clk 0:05:10]} 30. Ra1 {[%clk
0:14:27]} 0-1

[Event "Campeonato España Sub 14"]
[Site "Salobreña"]
[Date "2017.07.20"]
[Round "6"]
[White "Masague Artero, Guerau"]
[Black "Bertomeu Ginestar, Antoni"]
[Result "1-0"]
[Board "10"]
[WhiteClock "1:30"]
[WhiteElo "1965"]
[WhiteCountry "ESP"]
[WhiteFideId "32098952"]
[WhiteEloChange "3"]
[BlackClock "1:30"]
[BlackElo "1660"]
[BlackCountry "ESP"]
[BlackFideId "24528277"]
[BlackEloChange "-3"]

1. d4 {[%clk 1:30:00]} Nf6 {[%clk 1:30:00]} 2. c4 {[%clk 1:31:00]} g6 {[%clk
1:31:00]} 3. Nc3 {[%clk 1:31:00]} Bg7 {[%clk 1:31:00]} 4. e4 {[%clk 1:32:00]} d6
{[%clk 1:31:00]} 5. Nf3 {[%clk 1:32:00]} O-O {[%clk 1:31:00]} 6. Be2 {[%clk
1:33:00]} e5 {[%clk 1:29:00]} 7. O-O {[%clk 1:33:00]} Nc6 {[%clk 1:28:00]} 8. d5
{[%clk 1:33:00]} Ne7 {[%clk 1:28:00]} 9. Ne1 {[%clk 1:34:00]} Ne8 {[%clk
1:26:00]} 10. f3 {[%clk 1:34:00]} f5 {[%clk 1:27:00]} 11. Be3 {[%clk 1:34:00]} f4
{[%clk 1:26:00]} 12. Bf2 {[%clk 1:35:00]} g5 {[%clk 1:24:00]} 13. c5 {[%clk
1:35:00]} h5 {[%clk 1:20:00]} 14. a4 {[%clk 1:35:00]} Rf6 {[%clk 1:15:00]} 15.
cxd6 {[%clk 1:33:00]} cxd6 {[%clk 1:16:00]} 16. Nb5 {[%clk 1:32:00]} a6 {[%clk
1:12:00]} 17. Na3 {[%clk 1:32:00]} Kh7 {[%clk 1:04:00]} 18. Nc4 {[%clk 1:31:00]}
Ng8 {[%clk 1:04:00]} 19. Nb6 {[%clk 1:28:00]} Rb8 {[%clk 1:04:00]} 20. Nxc8
{[%clk 1:22:00]} Rxc8 {[%clk 1:04:00]} 21. Qb3 {[%clk 1:20:00]} Qd7 {[%clk
1:04:00]} 22. Bb6 {[%clk 1:19:00]} h4 {[%clk 1:01:00]} 23. h3 {[%clk 1:18:00]}
Rg6 {[%clk 0:55:00]} 24. Nd3 {[%clk 1:15:00]} Bf6 {[%clk 0:49:00]} 25. Rfc1
{[%clk 1:09:00]} Rg7 {[%clk 0:48:00]} 26. Qb4 {[%clk 1:04:00]} Bd8 {[%clk
0:45:00]} 27. Bf2 {[%clk 1:01:00]} Ngf6 {[%clk 0:42:00]} 28. b3 {[%clk 0:57:00]}
Kh8 {[%clk 0:37:00]} 29. Nb2 {[%clk 0:56:00]} Rh7 {[%clk 0:29:00]} 30. Nc4 {[%clk
0:42:00]} g4 {[%clk 0:25:00]} 31. fxg4 {[%clk 0:35:00]} a5 {[%clk 0:20:00]} 32.
Nxa5 {[%clk 0:30:00]} Bxa5 {[%clk 0:21:00]} 33. Qxa5 {[%clk 0:30:00]} Nxe4 {[%clk
0:21:00]} 34. Bd3 {[%clk 0:25:00]} Nxf2 {[%clk 0:14:37]} 35. Bxh7 {[%clk
0:21:00]} Nxh3+ {[%clk 0:14:33]} 36. gxh3 {[%clk 0:21:00]} Kxh7 {[%clk 0:14:52]}
37. Qe1 {[%clk 0:22:00]} Rxc1 {[%clk 0:13:46]} 38. Rxc1 {[%clk 0:22:00]} Qe7
{[%clk 0:13:54]} 39. Qe4+ {[%clk 0:22:00]} Kg7 {[%clk 0:11:21]} 40. Qf5 {[%clk
0:22:00]} 1-0

[Event "Campeonato España Sub 14"]
[Site "Salobreña"]
[Date "2017.07.20"]
[Round "6"]
[White "Prado Lobo, Jonas"]
[Black "Ponseti Lluch, Joan"]
[Result "1-0"]
[Board "11"]
[WhiteClock "n/a"]
[WhiteElo "2054"]
[WhiteCountry "ESP"]
[WhiteFideId "32050666"]
[WhiteEloChange "2"]
[BlackClock "n/a"]
[BlackElo "1633"]
[BlackCountry "ESP"]
[BlackFideId "32088345"]
[BlackEloChange "-2"]

1. d4 {[%clk 1:30:30]} Nf6 {[%clk 1:30:30]} 2. c4 {[%clk 1:30:30]} e6 {[%clk
1:30:30]} 3. Nc3 {[%clk 1:30:30]} Bb4 {[%clk 1:30:30]} 4. Qc2 {[%clk 1:30:30]} b6
{[%clk 1:30:30]} 5. e4 {[%clk 1:30:30]} c5 {[%clk 1:30:30]} 6. e5 {[%clk
1:30:30]} cxd4 {[%clk 1:30:30]} 7. a3 {[%clk 1:30:30]} Bxc3+ {[%clk 1:30:30]} 8.
bxc3 {[%clk 1:30:30]} Ng8 {[%clk 1:30:30]} 9. cxd4 {[%clk 1:30:30]} Bb7 {[%clk
1:30:30]} 10. Bb2 {[%clk 1:30:30]} Ne7 {[%clk 1:30:30]} 11. Ne2 {[%clk 1:30:30]}
Nbc6 {[%clk 1:30:30]} 12. Ng3 {[%clk 1:30:30]} Rc8 {[%clk 1:30:30]} 13. Bc3
{[%clk 1:30:30]} Ng6 {[%clk 1:30:30]} 14. Ne4 {[%clk 1:30:30]} O-O {[%clk
1:30:30]} 15. Nd6 {[%clk 1:30:30]} Rc7 {[%clk 1:30:30]} 16. Nb5 {[%clk 1:30:30]}
Rc8 {[%clk 1:30:30]} 17. Nd6 {[%clk 1:30:30]} Rc7 {[%clk 1:30:30]} 18. Bd3 {[%clk
1:30:30]} Qh4 {[%clk 1:30:30]} 19. Nxb7 {[%clk 1:30:30]} Nxd4 {[%clk 1:30:30]}
20. Qd1 {[%clk 1:30:30]} Qf4 {[%clk 1:30:30]} 21. O-O {[%clk 1:30:30]} Qxe5
{[%clk 1:30:30]} 22. Bxd4 {[%clk 1:30:30]} Qxd4 {[%clk 1:30:30]} 23. Bxg6 {[%clk
1:30:30]} Qxd1 {[%clk 1:30:30]} 24. Rfxd1 {[%clk 1:30:30]} Rxb7 {[%clk 1:30:30]}
25. Bd3 {[%clk 1:30:30]} Rc7 {[%clk 1:30:30]} 26. Be2 {[%clk 1:30:30]} Rfc8
{[%clk 1:30:30]} 27. a4 {[%clk 1:30:30]} Kf8 {[%clk 1:30:30]} 28. a5 {[%clk
1:30:30]} bxa5 {[%clk 1:30:30]} 29. Rxa5 {[%clk 1:30:30]} Rb8 {[%clk 1:30:30]}
30. Rda1 {[%clk 1:30:30]} Rbb7 {[%clk 1:30:30]} 31. f4 {[%clk 1:30:30]} Rb2
{[%clk 1:30:30]} 32. Kf2 {[%clk 1:30:30]} Ke7 {[%clk 1:30:30]} 33. Ke3 {[%clk
1:30:30]} Rb3+ {[%clk 1:30:30]} 34. Kd4 {[%clk 1:30:30]} Rb2 {[%clk 1:30:30]} 35.
R1a2 {[%clk 1:30:30]} Rxa2 {[%clk 1:30:30]} 36. Rxa2 {[%clk 1:30:30]} h6 {[%clk
1:30:30]} 37. Bf3 {[%clk 1:30:30]} Kf6 {[%clk 1:30:30]} 38. Rb2 {[%clk 1:30:30]}
Kf5 {[%clk 1:30:30]} 39. g3 {[%clk 1:30:30]} Kf6 {[%clk 1:30:30]} 40. c5 {[%clk
1:30:30]} g5 {[%clk 1:30:30]} 41. fxg5+ {[%clk 1:30:30]} hxg5 {[%clk 1:30:30]}
42. Rb7 {[%clk 1:30:30]} Rxb7 {[%clk 1:30:30]} 43. Bxb7 {[%clk 1:30:30]} a5
{[%clk 1:30:30]} 44. h4 {[%clk 1:30:30]} a4 {[%clk 1:30:30]} 45. Bc8 {[%clk
1:30:30]} e5+ {[%clk 1:30:30]} 46. Kc3 {[%clk 1:30:30]} gxh4 {[%clk 1:30:30]} 47.
gxh4 {[%clk 1:30:30]} a3 {[%clk 1:30:30]} 48. Bxd7 {[%clk 1:30:30]} e4 {[%clk
1:30:30]} 49. c6 {[%clk 1:30:30]} a2 {[%clk 1:30:30]} 50. Kb2 {[%clk 1:30:30]}
Ke7 {[%clk 1:30:30]} 51. h5 {[%clk 1:30:30]} e3 {[%clk 1:30:30]} 52. Bg4 {[%clk
1:30:30]} f5 {[%clk 1:30:30]} 53. Bf3 {[%clk 1:30:30]} 1-0

[Event "Campeonato España Sub 14"]
[Site "Salobreña"]
[Date "2017.07.20"]
[Round "6"]
[White "Moya Nunez, Salvador"]
[Black "Garcia Gimenez, Santiago"]
[Result "1-0"]
[Board "12"]
[WhiteClock "1:30"]
[WhiteElo "1792"]
[WhiteCountry "ESP"]
[WhiteFideId "24519790"]
[WhiteEloChange "17"]
[BlackClock "1:30"]
[BlackElo "2064"]
[BlackCountry "ESP"]
[BlackFideId "32063350"]
[BlackEloChange "-17"]

1. e4 {[%clk 1:30:00]} e5 {[%clk 1:30:00]} 2. Nc3 {[%clk 1:30:00]} Nf6 {[%clk
1:30:00]} 3. g3 {[%clk 1:31:00]} Bc5 {[%clk 1:30:00]} 4. Bg2 {[%clk 1:31:00]} Nc6
{[%clk 1:28:00]} 5. Nge2 {[%clk 1:31:00]} d6 {[%clk 1:26:00]} 6. O-O {[%clk
1:31:00]} a6 {[%clk 1:24:00]} 7. d3 {[%clk 1:29:00]} O-O {[%clk 1:24:00]} 8. h3
{[%clk 1:27:00]} Be6 {[%clk 1:21:00]} 9. Bg5 {[%clk 1:22:00]} h6 {[%clk 1:19:00]}
10. Bxf6 {[%clk 1:22:00]} Qxf6 {[%clk 1:18:00]} 11. Qd2 {[%clk 1:17:00]} Ne7
{[%clk 1:15:00]} 12. Kh2 {[%clk 1:13:00]} Bd7 {[%clk 1:10:00]} 13. f4 {[%clk
1:05:00]} Qg6 {[%clk 1:09:00]} 14. f5 {[%clk 1:00:00]} Qg5 {[%clk 1:08:00]} 15.
Qxg5 {[%clk 0:57:00]} hxg5 {[%clk 1:09:00]} 16. Nd5 {[%clk 0:49:00]} Nxd5 {[%clk
1:09:00]} 17. exd5 {[%clk 0:49:00]} f6 {[%clk 1:08:00]} 18. Rab1 {[%clk 0:44:00]}
Kf7 {[%clk 1:06:00]} 19. Be4 {[%clk 0:44:00]} Ke7 {[%clk 1:03:00]} 20. Kg2 {[%clk
0:38:00]} Be8 {[%clk 1:03:00]} 21. a3 {[%clk 0:37:00]} Bf7 {[%clk 1:02:00]} 22.
b4 {[%clk 0:37:00]} Ba7 {[%clk 1:02:00]} 23. c4 {[%clk 0:37:00]} Kd7 {[%clk
1:01:00]} 24. Nc3 {[%clk 0:34:00]} Bd4 {[%clk 1:01:00]} 25. Rfc1 {[%clk 0:32:00]}
Rab8 {[%clk 0:59:00]} 26. a4 {[%clk 0:24:00]} Bxc3 {[%clk 0:54:00]} 27. Rxc3
{[%clk 0:24:00]} c6 {[%clk 0:54:00]} 28. dxc6+ {[%clk 0:23:00]} bxc6 {[%clk
0:55:00]} 29. b5 {[%clk 0:24:00]} axb5 {[%clk 0:55:00]} 30. cxb5 {[%clk 0:24:00]}
d5 {[%clk 0:54:00]} 31. bxc6+ {[%clk 0:22:00]} Kc7 {[%clk 0:55:00]} 32. Rb7+
{[%clk 0:16:31]} Rxb7 {[%clk 0:55:00]} 33. cxb7+ {[%clk 0:17:00]} Kxb7 {[%clk
0:55:00]} 34. Rb3+ {[%clk 0:16:50]} Kc7 {[%clk 0:55:00]} 35. Bf3 {[%clk 0:17:02]}
Ra8 {[%clk 0:54:00]} 36. Ra3 {[%clk 0:05:09]} Ra5 {[%clk 0:54:00]} 37. Kf2 {[%clk
0:05:30]} Kd6 {[%clk 0:54:00]} 38. Ke3 {[%clk 0:05:22]} d4+ {[%clk 0:54:00]} 39.
Kd2 {[%clk 0:05:31]} Kc5 {[%clk 0:54:00]} 40. Bd1 {[%clk 0:04:57]} g6 {[%clk
0:54:00]} 41. fxg6 {[%clk 0:04:33]} Bxg6 {[%clk 0:54:00]} 42. h4 {[%clk 0:04:42]}
gxh4 {[%clk 0:54:00]} 43. gxh4 {[%clk 0:05:08]} f5 {[%clk 0:54:00]} 44. h5 {[%clk
0:04:46]} Bh7 {[%clk 0:54:00]} 45. Bf3 {[%clk 0:04:00]} e4 {[%clk 0:54:00]} 46.
dxe4 {[%clk 0:04:20]} fxe4 {[%clk 0:55:00]} 47. Bg4 {[%clk 0:04:40]} Kb4 {[%clk
0:55:00]} 48. Ra2 {[%clk 0:04:12]} Rg5 {[%clk 0:55:00]} 49. Rb2+ {[%clk 0:03:46]}
Kc4 {[%clk 0:55:00]} 50. Be6+ {[%clk 0:03:35]} Kc5 {[%clk 0:54:00]} 51. Rb5+
{[%clk 0:03:54]} Kd6 {[%clk 0:04:21]} 52. Rxg5 {[%clk 0:55:00]} Kxe6 {[%clk
0:04:21]} 1-0